[Event "ch-CHN"]
[Site "Xinghua CHN"]
[Date "2010.05.24"]
[Round "1"]
[White "Zhang Ziyang"]
[Black "Ni Hua"]
[Result "1/2-1/2"]
[WhiteElo "2422"]
[BlackElo "2667"]
[EventDate "2010.05.24"]

1. d4 Nf6 2. Nf3 g6 3. g3 Bg7 4. Bg2 d5 5. c4 O-O 6. O-O dxc4 7. Na3 c3 8.
bxc3 c5 9. Qb3 Nc6 10. e3 Na5 11. Qb2 Bf5 12. Rd1 Be4 13. Qe2 Rc8 14. Bd2
Qd7 15. Qb5 Qxb5 16. Nxb5 a6 17. Na3 b5 18. Rac1 Rfd8 19. Be1 Bd5 20. Nd2
cxd4 21. cxd4 b4 22. Bxd5 Nxd5 23. Ne4 f5 24. Nc5 Rc6 25. Nc2 Rb6 26. a3
Nc3 27. Bxc3 bxc3 28. Nb4 e5 29. d5 Rc8 30. Rxc3 e4 31. Rc2 Bf8 32. Nd7
Rxc2 33. Nxb6 Bxb4 34. axb4 Nb7 35. Ra1 Rb2 36. Rxa6 Rxb4 37. Nc8 Kf7 38.
Rc6 Ke8 39. Kg2 Rb2 40. h4 Kd8 41. Nd6 Nxd6 42. Rxd6+ Ke7 43. Ra6 Rd2 44.
Ra7+ Kf6 1/2-1/2

[Event "ch-CHN"]
[Site "Xinghua CHN"]
[Date "2010.05.24"]
[Round "1"]
[White "Lu Shanglei"]
[Black "Li Chao2"]
[Result "1/2-1/2"]
[WhiteElo "2349"]
[BlackElo "2619"]
[EventDate "2010.05.24"]

1. e4 c5 2. Nf3 d6 3. d4 cxd4 4. Nxd4 Nf6 5. f3 Nc6 6. c4 Qb6 7. Nc2 e6 8.
Nc3 Be7 9. Rb1 O-O 10. Be3 Qc7 11. Be2 Rd8 12. Nb5 Qb8 13. Nbd4 d5 14. exd5
exd5 15. c5 Nxd4 16. Bxd4 Qc7 17. b4 b6 18. cxb6 axb6 19. a3 Nh5 20. g3 Bh3
21. Kf2 Nf4 22. Rb3 Ne6 23. Bb2 d4 24. Nxd4 b5 25. Nxe6 Bxe6 26. Rd3 Qa7+
27. Kg2 Bc4 28. Rxd8+ Rxd8 29. Qc2 Qe3 30. Bc1 Qxe2+ 31. Qxe2 Bxe2 32. Re1
Bxf3+ 33. Kxf3 Bf6 34. Re2 h5 35. Rc2 h4 36. gxh4 Rd3+ 37. Kg2 Bxh4 38.
Rc8+ Kh7 39. Rc5 Be7 40. Rc7 Bf6 41. Rxf7 Rc3 42. Bf4 Rxa3 43. Rb7 Rb3 44.
Bd6 Rd3 1/2-1/2

[Event "ch-CHN"]
[Site "Xinghua CHN"]
[Date "2010.05.24"]
[Round "1"]
[White "Zhou Jianchao"]
[Black "Hou Yifan"]
[Result "1/2-1/2"]
[WhiteElo "2652"]
[BlackElo "2589"]
[EventDate "2010.05.24"]

1. Nf3 Nf6 2. c4 e6 3. Nc3 d5 4. d4 Bb4 5. cxd5 exd5 6. Bg5 Nbd7 7. Qb3 c5
8. a3 Bxc3+ 9. Qxc3 h6 10. Bxf6 Qxf6 11. e3 O-O 12. Be2 b6 13. O-O Bb7 14.
Rfc1 Rac8 15. dxc5 Qxc3 16. Rxc3 Nxc5 17. Rac1 Ne6 18. Rxc8 Rxc8 19. Rxc8+
Bxc8 20. Kf1 Kf8 21. Ke1 Ke7 22. Kd2 Kd6 23. b4 Bd7 24. Kc3 g5 25. Nd2 f5
26. g3 g4 27. f4 Nc7 28. Bd3 Ne8 29. Nb3 Nf6 30. Nd4 Ne4+ 31. Bxe4 dxe4 32.
b5 Kc5 33. a4 Bc8 34. Nb3+ Kd6 35. Kb4 Be6 36. Nd4 Bc8 37. a5 Bd7 38. axb6
axb6 39. Ne2 Be6 40. Nc3 Bf7 41. Na4 Kc7 42. Kc3 Be8 43. Kc4 Bf7+ 44. Kd4
Bb3 45. Nxb6 Kxb6 46. Ke5 Kxb5 47. Kxf5 Kc4 48. Kxe4 Bc2+ 49. Ke5 Kd3 50.
Kf5 Kxe3+ 51. Kxg4 Bg6 52. f5 Bf7 53. Kh4 Ke4 54. g4 Kf4 55. Kh3 1/2-1/2

[Event "ch-CHN"]
[Site "Xinghua CHN"]
[Date "2010.05.24"]
[Round "1"]
[White "Bu Xiangzhi"]
[Black "Ji Dan"]
[Result "1-0"]
[WhiteElo "2681"]
[BlackElo "2379"]
[EventDate "2010.05.24"]

1. c4 e6 2. Nc3 d5 3. d4 Be7 4. Nf3 Nf6 5. Bg5 h6 6. Bxf6 Bxf6 7. Qb3 c6 8.
e3 Nd7 9. Be2 O-O 10. O-O b6 11. Rfd1 Bb7 12. a4 Qe7 13. a5 dxc4 14. Bxc4
c5 15. d5 Bxc3 16. d6 Qf6 17. Qxc3 Qxc3 18. bxc3 Bc6 19. Rdb1 Rfd8 20. Be2
Be4 21. Rb2 Rab8 22. Nd2 Bc6 23. axb6 axb6 24. f3 b5 25. Ra6 Rb6 26. Ra7 c4
27. Nxc4 bxc4 28. Rxd7 Rxd7 29. Rxb6 Rxd6 30. Kf2 1-0

[Event "ch-CHN"]
[Site "Xinghua CHN"]
[Date "2010.05.24"]
[Round "1"]
[White "Zhou Weiqi"]
[Black "Li Shilong"]
[Result "0-1"]
[WhiteElo "2585"]
[BlackElo "2514"]
[EventDate "2010.05.24"]

1. d4 Nf6 2. c4 e5 3. dxe5 Ng4 4. Bf4 g5 5. Bg3 Bg7 6. Nf3 Nc6 7. Nc3 Ngxe5
8. Nxe5 Nxe5 9. e3 d6 10. h4 g4 11. h5 O-O 12. h6 Bh8 13. Be2 Be6 14. Nd5
f5 15. Qc2 Bxd5 16. cxd5 Qf6 17. Rc1 Rf7 18. Qb3 b6 19. Rc2 Ng6 20. Qa4 Qg5
21. Kf1 a5 22. Bb5 Be5 23. Bxe5 Nxe5 24. Qf4 Qf6 25. Rh5 Kh8 26. Qd4 Raf8
27. f4 gxf3 28. gxf3 f4 29. e4 Rg8 30. Rf2 Rg1+ 31. Ke2 Re1+ 0-1

[Event "ch-CHN"]
[Site "Xinghua CHN"]
[Date "2010.05.25"]
[Round "2"]
[White "Hou Yifan"]
[Black "Bu Xiangzhi"]
[Result "0-1"]
[WhiteElo "2589"]
[BlackElo "2681"]
[EventDate "2010.05.24"]

1. e4 e5 2. Bc4 Nf6 3. d3 c6 4. Nf3 d5 5. Bb3 Bd6 6. Nc3 dxe4 7. Nxe4 Nxe4
8. dxe4 O-O 9. Bg5 Qc7 10. Qd2 Bg4 11. O-O-O Be7 12. Bxe7 Qxe7 13. Qd6 Qxd6
14. Rxd6 Bxf3 15. gxf3 Re8 16. Rg1 Kf8 17. Rg4 Ke7 18. Rd3 g6 19. Rh4 Rh8
20. f4 Nd7 21. fxe5 Nxe5 22. Rdh3 h5 23. f4 Nd7 24. c3 Rad8 25. Bc2 Nf6 26.
Rg3 Ng4 27. h3 Nf6 28. e5 Nd7 29. Rg1 Rhg8 30. Re1 Nc5 31. f5 gxf5 32. Rxh5
f4 33. Rf5 Ne6 34. Bb3 Rg2 35. Bxe6 Kxe6 36. Rf6+ Ke7 37. Rxf4 Rdd2 38. Rb4
b5 39. a3 Ke6 40. Kb1 Rh2 41. a4 a5 42. Rb3 bxa4 43. Rb6 Kd7 44. c4 Rxh3
45. Kc1 Rd4 46. Rb7+ Ke6 47. Rf1 Rxc4+ 48. Kb1 Rb4 49. Rbxf7 Rh2 50. R7f6+
Kxe5 51. Rxc6 Rbxb2+ 52. Kc1 a3 53. Rd1 Rb5 54. Rc2 a2 55. Re1+ Kd6 56.
Rd1+ Rd5 0-1

[Event "ch-CHN"]
[Site "Xinghua CHN"]
[Date "2010.05.25"]
[Round "2"]
[White "Li Chao2"]
[Black "Zhou Jianchao"]
[Result "0-1"]
[WhiteElo "2619"]
[BlackElo "2652"]
[EventDate "2010.05.24"]

1. e4 c5 2. Nf3 d6 3. d4 cxd4 4. Qxd4 Nf6 5. Nc3 Nc6 6. Bb5 Bd7 7. Bxc6
Bxc6 8. Bg5 e6 9. O-O-O Be7 10. Rhe1 O-O 11. Kb1 Qc7 12. Qd3 Rfd8 13. Nd4
Rab8 14. f4 h6 15. Bh4 Nxe4 16. Bxe7 Nxc3+ 17. Qxc3 Qxe7 18. f5 e5 19. Nxc6
bxc6 20. Qxc6 d5 21. b3 Rb6 22. Qc3 d4 23. Qc4 Qd6 24. g4 Rc6 25. Qb5 Rc5
26. Qe2 Rdc8 27. c4 a5 28. a4 e4 29. Qd2 Rxc4 30. Rxe4 Qb6 31. Qb2 Rc3 32.
b4 R8c4 33. Rdxd4 Rxd4 34. Re8+ Kh7 35. Qxc3 Rxb4+ 36. Kc1 Qg1+ 37. Re1
Qxg4 38. Qd3 Qf4+ 39. Re3 Rc4+ 40. Kb1 Qb8+ 0-1

[Event "ch-CHN"]
[Site "Xinghua CHN"]
[Date "2010.05.25"]
[Round "2"]
[White "Zhang Ziyang"]
[Black "Lu Shanglei"]
[Result "1/2-1/2"]
[WhiteElo "2422"]
[BlackElo "2349"]
[EventDate "2010.05.24"]

1. d4 d5 2. Nf3 Nf6 3. c4 c6 4. e3 e6 5. b3 Nbd7 6. Bd3 Bd6 7. Bb2 O-O 8.
O-O b6 9. Nbd2 Bb7 10. Ne5 c5 11. cxd5 exd5 12. f4 cxd4 13. exd4 Ne4 14.
Nxe4 dxe4 15. Bc4 Nf6 16. Qe2 Rc8 17. Rac1 Rc7 18. a4 Bb4 19. d5 Nxd5 20.
Rfd1 Bc5+ 21. Kh1 Qa8 22. Bxd5 Bxd5 23. b4 f6 24. Ng4 h5 25. Ne3 Bxe3 26.
Rxc7 Bxf4 27. Rd7 Bb3 28. Re1 Qe8 29. Rxa7 Bd5 30. Bd4 Bxh2 31. Qb5 Qxb5
32. axb5 Bg3 33. Rd1 Bc4 34. Bxb6 Bxb5 35. Re7 Bd3 36. Ra1 Rc8 37. Bc5 Rc7
1/2-1/2

[Event "ch-CHN"]
[Site "Xinghua CHN"]
[Date "2010.05.26"]
[Round "3"]
[White "Lu Shanglei"]
[Black "Ni Hua"]
[Result "1-0"]
[WhiteElo "2349"]
[BlackElo "2667"]
[EventDate "2010.05.24"]

1. e4 c5 2. Nf3 Nc6 3. Bb5 Nf6 4. Bxc6 dxc6 5. d3 Bg4 6. h3 Bh5 7. Nbd2 Nd7
8. Nc4 f6 9. a4 e5 10. g4 Bf7 11. h4 Qc7 12. a5 Be7 13. Ng1 Nf8 14. Qf3 Ne6
15. Ne2 h5 16. g5 fxg5 17. Qf5 g6 18. Qxe5 Qxe5 19. Nxe5 gxh4 20. a6 b6 21.
Nxc6 Bf6 22. e5 Bg7 23. b4 Nc7 24. c4 b5 25. bxc5 bxc4 26. dxc4 Bxc4 27.
Rxh4 Bxa6 28. Bg5 Bxe2 29. Kxe2 Ne6 30. Be3 a6 31. Rg1 Kf7 32. Rh3 Rhc8 33.
Rf3+ Ke8 34. Na5 g5 35. Nc4 Rcb8 36. c6 Ke7 37. Bxg5+ Nxg5 38. Rxg5 Bh8 39.
c7 Rb7 40. Rxh5 1-0

[Event "ch-CHN"]
[Site "Xinghua CHN"]
[Date "2010.05.26"]
[Round "3"]
[White "Bu Xiangzhi"]
[Black "Li Chao2"]
[Result "1/2-1/2"]
[WhiteElo "2681"]
[BlackElo "2619"]
[EventDate "2010.05.24"]

1. Nf3 Nf6 2. c4 g6 3. b3 Bg7 4. Bb2 O-O 5. g3 c6 6. Bg2 d5 7. O-O Re8 8.
d4 Ne4 9. Nc3 Bf5 10. e3 Nd7 11. Qe2 Qa5 12. Rac1 Nxc3 13. Bxc3 Qa6 14.
Rfe1 dxc4 15. Qxc4 Qxc4 16. bxc4 Be4 17. Red1 Rad8 18. Nd2 Bxg2 19. Kxg2 e5
20. Nb3 b6 21. c5 exd4 22. Bxd4 Bxd4 23. Rxd4 Nxc5 24. Nxc5 Rxd4 25. exd4
bxc5 26. Rxc5 Re4 27. Rxc6 Rxd4 28. Ra6 Rd7 29. h4 h5 30. Kf3 Re7 1/2-1/2

[Event "ch-CHN"]
[Site "Xinghua CHN"]
[Date "2010.05.26"]
[Round "3"]
[White "Zhou Weiqi"]
[Black "Hou Yifan"]
[Result "0-1"]
[WhiteElo "2585"]
[BlackElo "2589"]
[EventDate "2010.05.24"]

1. d4 e6 2. c4 d5 3. Nf3 Nf6 4. Nc3 Bb4 5. cxd5 exd5 6. Bg5 h6 7. Bxf6 Qxf6
8. Qb3 c5 9. dxc5 Bxc3+ 10. bxc3 O-O 11. Nd4 Be6 12. Qxb7 Nd7 13. c6 Rab8
14. Qxa7 Ra8 15. Qc7 Ne5 16. e3 Rfc8 17. Qb6 Rcb8 18. Qc5 Rb2 19. f4 Rxg2
20. O-O-O Rgxa2 21. Be2 Nc4 22. Bxc4 dxc4 23. Rhg1 Ra1+ 24. Kd2 R8a2+ 25.
Nc2 Rxd1+ 0-1

[Event "ch-CHN"]
[Site "Xinghua CHN"]
[Date "2010.05.27"]
[Round "4"]
[White "Li Chao2"]
[Black "Zhou Weiqi"]
[Result "1/2-1/2"]
[WhiteElo "2619"]
[BlackElo "2585"]
[EventDate "2010.05.24"]

1. e4 e6 2. d4 d5 3. Nc3 Nf6 4. e5 Nfd7 5. f4 c5 6. Nf3 Nc6 7. Be3 Be7 8.
Qd2 O-O 9. dxc5 Nxc5 10. O-O-O b6 11. Bb5 Bb7 12. h4 Qc7 13. h5 Ne4 14.
Nxe4 dxe4 15. Qd7 Rac8 16. Qxc7 Rxc7 17. Bxc6 Bxc6 18. Nd4 Bc5 19. h6 f5
20. exf6 Rxf6 21. hxg7 Be8 22. g4 Rxg7 23. g5 Rfg6 24. c3 a5 25. Nc2 e5 26.
Rd8 Kf8 27. f5 Bxe3+ 28. Nxe3 Rxg5 29. Rh6 Rd7 30. Rxd7 Bxd7 31. Rxh7 Bxf5
32. Rb7 Be6 33. c4 Rh5 34. Rxb6 Ke7 35. a4 Rh1+ 36. Kd2 Rh2+ 37. Kd1 Rh1+
38. Ke2 Rh2+ 39. Ke1 Rh1+ 40. Kf2 Rh2+ 41. Kf1 Rh3 42. Kf2 Rh2+ 43. Kg1 Rh3
44. Kf2 Rh2+ 45. Kf1 Rh3 46. Nd5+ Bxd5 47. cxd5 Rh2 48. Ke1 1/2-1/2

[Event "ch-CHN"]
[Site "Xinghua CHN"]
[Date "2010.05.27"]
[Round "4"]
[White "Zhang Ziyang"]
[Black "Bu Xiangzhi"]
[Result "1/2-1/2"]
[WhiteElo "2422"]
[BlackElo "2681"]
[EventDate "2010.05.24"]

1. d4 d5 2. c4 c6 3. Nc3 Nf6 4. e3 g6 5. Nf3 Bg7 6. Be2 O-O 7. O-O e6 8.
Qc2 Nbd7 9. b3 b6 10. cxd5 exd5 11. a4 a5 12. Ba3 Re8 13. Rac1 Bb7 14. h3
Ne4 15. Nxe4 Rxe4 16. Bd3 Re8 17. Bd6 Rc8 18. Qe2 Nf8 19. Bg3 Ne6 20. Ba6
Bxa6 21. Qxa6 c5 22. dxc5 Nxc5 23. Qb5 Re4 24. Nd2 Rb4 25. Qe2 Qf6 26. Rfd1
Re8 27. Qf3 Qxf3 28. Nxf3 Nxb3 29. Rc6 d4 30. Bd6 dxe3 31. Bxb4 e2 32. Rb1
axb4 33. Rxb3 e1=Q+ 34. Nxe1 Rxe1+ 35. Kh2 Be5+ 36. g3 Bd4 37. Rxb4 Bxf2
38. Rc2 Bc5 39. Rbc4 h5 40. Kg2 Kg7 41. Ra2 Re5 42. Kf3 Re3+ 43. Kg2 Bd6
44. Kf2 Rb3 45. Rac2 Bxg3+ 46. Kg2 Be5 47. h4 Kh6 48. Re2 f6 49. Ree4 Rb2+
50. Kf1 Bg3 51. Rc6 Be5 52. Rcc4 Rb1+ 53. Kg2 Rd1 54. Rc6 Rd2+ 55. Kf1 Bd4
56. Rf4 Be5 57. Re4 Rb2 58. Rcc4 Bg3 59. Rc6 Rf2+ 60. Kg1 Rf5 61. Kg2 Bf2
62. Rc3 1/2-1/2

[Event "ch-CHN"]
[Site "Xinghua CHN"]
[Date "2010.05.27"]
[Round "4"]
[White "Lu Shanglei"]
[Black "Zhou Jianchao"]
[Result "0-1"]
[WhiteElo "2349"]
[BlackElo "2652"]
[EventDate "2010.05.24"]

1. e4 c5 2. Nf3 e6 3. d4 cxd4 4. Nxd4 Nf6 5. Nc3 d6 6. g4 h6 7. g5 hxg5 8.
Bxg5 Nc6 9. Qd2 Qb6 10. O-O-O Qxd4 11. Qxd4 Nxd4 12. Rxd4 a6 13. h4 Bd7 14.
Bg2 Bc6 15. Re1 O-O-O 16. a4 Kb8 17. f4 Re8 18. Rf1 Nh7 19. f5 Nxg5 20.
hxg5 Be7 21. f6 gxf6 22. gxf6 Bf8 23. Rf3 Bh6+ 24. Kb1 Reg8 25. Bf1 Bf8 26.
b4 Bd7 27. b5 a5 28. b6 Bc6 29. Bb5 Rg5 30. Rc4 d5 31. exd5 exd5 32. Rxc6
bxc6 33. Bxc6 d4 34. Nd5 Bc5 35. b7 Rd8 36. Ne7 Re5 37. Rb3 Bxe7 38. fxe7
Rxe7 39. Rb5 Rd6 40. Bf3 Rf6 41. Bg2 Re2 42. Bd5 d3 43. Rxa5 dxc2+ 0-1

[Event "ch-CHN"]
[Site "Xinghua CHN"]
[Date "2010.05.29"]
[Round "6"]
[White "Hou Yifan"]
[Black "Li Shilong"]
[Result "0-1"]
[WhiteElo "2589"]
[BlackElo "2514"]
[EventDate "2010.05.24"]

1. e4 c5 2. Nf3 e6 3. d4 cxd4 4. Nxd4 Nf6 5. Nc3 d6 6. Be2 Be7 7. O-O O-O
8. Be3 Nc6 9. Kh1 Bd7 10. f4 Nxd4 11. Bxd4 Bc6 12. Bd3 Nd7 13. Qe2 a6 14.
Rad1 Qa5 15. b4 Qc7 16. Nd5 exd5 17. exd5 Bf6 18. dxc6 bxc6 19. Bg1 Rfe8
20. Qf3 c5 21. c3 h6 22. Bb1 Nf8 23. h3 Rab8 24. bxc5 dxc5 25. Rd5 Qc6 26.
Bxc5 Rb5 27. Bxf8 Qxd5 28. Qxd5 Rxd5 29. Bb4 Rd2 30. c4 Rd4 31. a3 Red8 32.
Bc2 Rxc4 33. Bb3 Re4 34. Kh2 Be7 35. Ba5 Rd7 36. Rc1 Rxf4 37. Rc8+ Kh7 38.
Bc2+ g6 39. Bc3 Bf6 40. Be1 Kg7 41. Bg3 Rfd4 42. Rc6 a5 43. a4 h5 44. Be1
R4d5 45. Bb3 Rd3 46. Bc2 R3d6 47. Rc4 Rd5 48. Kg1 Re7 49. Bf2 Rd2 50. Be4
Rd1+ 51. Kh2 Be5+ 52. Bg3 h4 53. Bxe5+ Rxe5 54. Bf3 Rb1 0-1

[Event "ch-CHN"]
[Site "Xinghua CHN"]
[Date "2010.05.29"]
[Round "6"]
[White "Lu Shanglei"]
[Black "Zhou Weiqi"]
[Result "0-1"]
[WhiteElo "2349"]
[BlackElo "2585"]
[EventDate "2010.05.24"]

1. e4 e5 2. Nf3 Nf6 3. Nxe5 d6 4. Nxf7 Kxf7 5. d4 c6 6. Nc3 Be6 7. f4 g6 8.
Bd3 Qb6 9. e5 dxe5 10. dxe5 Ng4 11. Qf3 Nd7 12. Ne4 Be7 13. h3 Nh6 14. g4
Kg8 15. Qg3 Bd5 16. c4 Bxe4 17. Bxe4 Nc5 18. Bc2 Qb4+ 19. Bd2 Qxb2 20. Qc3
Qxc3 21. Bxc3 Kf7 22. O-O-O Ke6 23. f5+ Nxf5 24. gxf5+ gxf5 25. Rhe1 Rhg8
0-1

[Event "ch-CHN"]
[Site "Xinghua CHN"]
[Date "2010.05.29"]
[Round "6"]
[White "Zhou Jianchao"]
[Black "Bu Xiangzhi"]
[Result "1/2-1/2"]
[WhiteElo "2652"]
[BlackElo "2681"]
[EventDate "2010.05.24"]

1. d4 d5 2. c4 c6 3. Nc3 Nf6 4. e3 g6 5. Nf3 Bg7 6. Be2 O-O 7. O-O Be6 8.
b3 h6 9. Bb2 Nbd7 10. Rc1 Ne4 11. cxd5 Nxc3 12. Bxc3 Bxd5 13. Qc2 Rc8 14.
e4 c5 15. Ba1 Be6 16. d5 Bg4 17. Bxg7 Kxg7 18. Qb2+ Kg8 19. e5 e6 20. h3
Bxf3 21. Bxf3 Qg5 22. Rce1 b5 23. Bg4 h5 24. dxe6 hxg4 25. exd7 gxh3 26. f4
Qxg2+ 27. Qxg2 hxg2 28. Kxg2 Rc7 29. e6 fxe6 30. Rxe6 Kf7 31. f5 gxf5 32.
Re5 Rg8+ 33. Kh3 Rh8+ 1/2-1/2

[Event "ch-CHN"]
[Site "Xinghua CHN"]
[Date "2010.05.31"]
[Round "7"]
[White "Bu Xiangzhi"]
[Black "Ni Hua"]
[Result "1/2-1/2"]
[WhiteElo "2681"]
[BlackElo "2667"]
[EventDate "2010.05.24"]

1. Nf3 Nf6 2. c4 c6 3. Nc3 d5 4. e3 a6 5. Qc2 e6 6. d4 c5 7. cxd5 exd5 8.
Be2 Nc6 9. Ne5 Bd6 10. Nxc6 bxc6 11. O-O Qc7 12. h3 O-O 13. b3 cxd4 14.
exd4 h6 15. Be3 Re8 16. Rfe1 Bd7 17. Bd3 Re7 18. Bd2 Rxe1+ 19. Rxe1 Qa7 20.
Be3 Re8 21. Rc1 Bb8 22. Ne2 Ne4 23. Re1 g5 24. f3 Nf6 25. Bf2 Nh5 26. Bf5
Qc7 27. g3 Rxe2 28. Rxe2 Nxg3 29. Bh7+ Kg7 30. Re5 Nh5 31. Bf5 Qd8 32. Re1
Qc7 33. Re5 Qd8 34. Re1 Qc8 35. Bg4 Nf4 36. Bg3 Nxh3+ 37. Bxh3 Bxg3 38.
Bxd7 Qxd7 39. Re3 Qh3 40. Rc3 Bf4 41. Qf2 Qe6 42. Kf1 h5 43. Qc2 Qh3+ 44.
Qg2 Qe6 45. Qc2 Qh3+ 46. Qg2 Qf5 47. Qc2 1/2-1/2

[Event "ch-CHN"]
[Site "Xinghua CHN"]
[Date "2010.05.31"]
[Round "7"]
[White "Ji Dan"]
[Black "Hou Yifan"]
[Result "0-1"]
[WhiteElo "2379"]
[BlackElo "2589"]
[EventDate "2010.05.24"]

1. e4 c5 2. Nf3 e6 3. d4 cxd4 4. Nxd4 Nf6 5. Nc3 d6 6. Be2 a6 7. O-O Qc7 8.
f4 Be7 9. Kh1 b5 10. Bf3 Bb7 11. e5 dxe5 12. fxe5 Nfd7 13. Bxb7 Qxb7 14.
Qg4 Nc6 15. Nxc6 Qxc6 16. a4 b4 17. Ne4 h5 18. Qf4 O-O 19. Be3 Rad8 20.
Rad1 Qxc2 21. Rd2 Qc7 22. Nd6 Nxe5 23. Qxe5 Rxd6 24. Rxd6 Qxd6 25. Qxh5 Qd3
26. Qf3 Bf6 27. Bc5 Qxf3 28. gxf3 Rc8 29. Bxb4 Bxb2 30. Rf2 Bd4 31. Ra2
Rc1+ 32. Kg2 Rg1+ 33. Kh3 Ra1 34. Rd2 e5 35. a5 Ra4 0-1

[Event "ch-CHN"]
[Site "Xinghua CHN"]
[Date "2010.06.01"]
[Round "8"]
[White "Li Chao2"]
[Black "Ji Dan"]
[Result "1-0"]
[WhiteElo "2619"]
[BlackElo "2379"]
[EventDate "2010.05.24"]

1. e4 c5 2. Nf3 d6 3. d4 cxd4 4. Nxd4 Nf6 5. Nc3 a6 6. Bg5 e6 7. f4 h6 8.
Bh4 Be7 9. Qf3 Qc7 10. O-O-O Nbd7 11. Be2 g5 12. fxg5 Ne5 13. Qe3 Nh7 14.
Nf3 hxg5 15. Bg3 Bd7 16. Nxe5 dxe5 17. Rhf1 Nf8 18. Qf2 f6 19. h4 g4 20.
Bxg4 O-O-O 21. Rd3 Rg8 22. Bh3 Kb8 23. Rfd1 Bc8 24. Rxd8 Bxd8 25. Bh2 Be7
26. Bg1 Qc6 27. Qa7+ Kc7 28. Rd3 Nd7 29. Nd5+ exd5 30. Rc3 d4 31. Bxd4 exd4
32. Rxc6+ Kxc6 33. Qxd4 1-0

[Event "ch-CHN"]
[Site "Xinghua CHN"]
[Date "2010.06.01"]
[Round "8"]
[White "Zhang Ziyang"]
[Black "Li Shilong"]
[Result "1/2-1/2"]
[WhiteElo "2422"]
[BlackElo "2514"]
[EventDate "2010.05.24"]

1. d4 Nf6 2. Nf3 g6 3. c4 Bg7 4. Nc3 O-O 5. e4 d6 6. Be2 c5 7. O-O Nc6 8.
d5 Na5 9. a3 Bg4 10. b4 Bxf3 11. gxf3 cxb4 12. axb4 Nxc4 13. Bxc4 Qc7 14.
Qb3 Rfc8 15. Be2 Qxc3 16. Qxc3 Rxc3 17. Be3 Nh5 18. Ra2 Be5 19. Rb1 Nf4 20.
Bf1 a6 21. Ra5 Kg7 22. b5 Kf6 23. bxa6 bxa6 24. Rxa6 Rxa6 25. Bxa6 g5 26.
Bf1 h5 27. Rb6 Ng6 28. h3 Nh4 29. Be2 Rc2 30. Kf1 Ra2 31. Rb1 Ng6 32. Rd1
Ra4 33. Kg1 Bf4 34. Bd4+ Be5 35. Be3 Nf4 36. Bf1 Rb4 37. Re1 Ng6 38. Rd1
Rb8 39. Be2 Nf4 40. Bf1 Ra8 41. Re1 Rg8 42. Bxf4 Bxf4 43. Kg2 Rb8 44. Re2
Be5 45. Ra2 Bd4 46. Be2 Bc5 47. Rd2 Ke5 48. Rc2 Kf4 49. Rd2 Rb3 50. Rc2 Rb4
51. Rd2 Ke5 52. Bd1 Bd4 53. Re2 Kf4 54. Rc2 Bc5 55. Be2 Rd4 56. Bb5 Ke5 57.
Be8 Kf6 58. Rb2 g4 59. hxg4 hxg4 60. fxg4 Rxe4 61. Rb3 Rxg4+ 62. Rg3 Rf4
63. Rf3 Rxf3 1/2-1/2

[Event "ch-CHN"]
[Site "Xinghua CHN"]
[Date "2010.06.01"]
[Round "8"]
[White "Bu Xiangzhi"]
[Black "Zhou Weiqi"]
[Result "1/2-1/2"]
[WhiteElo "2681"]
[BlackElo "2585"]
[EventDate "2010.05.24"]

1. Nf3 Nf6 2. c4 c6 3. d4 d5 4. Qc2 dxc4 5. Qxc4 Bf5 6. g3 e6 7. Bg2 Nbd7
8. Nc3 Be7 9. O-O O-O 10. Re1 Bg6 11. e4 b5 12. Qxc6 b4 13. e5 bxc3 14.
exf6 cxb2 15. fxe7 bxa1=Q 16. exd8=Q Raxd8 17. Bg5 Qb2 18. Bxd8 Rxd8 19. d5
Nf8 20. Ne5 Qd2 21. Qc1 Qxc1 22. Rxc1 exd5 23. Nc6 Rd7 24. Ne5 Rd8 25. Nc6
Rd7 26. Ne5 Rd8 27. Nc6 1/2-1/2

[Event "ch-CHN"]
[Site "Xinghua CHN"]
[Date "2010.06.02"]
[Round "9"]
[White "Zhou Weiqi"]
[Black "Ni Hua"]
[Result "1/2-1/2"]
[WhiteElo "2585"]
[BlackElo "2667"]
[EventDate "2010.05.24"]

1. d4 d5 2. c4 c6 3. Nc3 Nf6 4. e3 a6 5. Qc2 e6 6. Nf3 c5 7. cxd5 exd5 8.
Be2 Nc6 9. Ne5 Qc7 10. Nxc6 Qxc6 11. dxc5 Bxc5 12. O-O Ba7 13. b3 O-O 14.
Ba3 Re8 15. Rac1 Bg4 16. h3 Bxe2 17. Nxe2 Rac8 18. Qxc6 Rxc6 19. Rxc6 bxc6
20. Rc1 Rc8 21. Nf4 d4 22. exd4 Bxd4 23. Rc4 Bb6 24. Bb2 a5 25. Bxf6 gxf6
26. g4 Kg7 27. Kg2 c5 28. Nd5 Bd8 29. Ne3 Rc6 30. Kf3 Kf8 31. Nf5 Bb6 32.
Re4 Re6 33. Ne3 Bc7 34. Rxe6 fxe6 35. Ke4 Ke7 36. f4 Kd7 37. Nc4 Ke7 38. f5
Kd7 39. Nb2 Bd6 40. Na4 Ke7 41. Nc3 Be5 42. Ne2 Kd6 43. a4 exf5+ 44. Kxf5
Kd5 45. h4 c4 46. bxc4+ Kxc4 47. g5 1/2-1/2

[Event "ch-CHN"]
[Site "Xinghua CHN"]
[Date "2010.06.02"]
[Round "9"]
[White "Wang Hao"]
[Black "Bu Xiangzhi"]
[Result "1/2-1/2"]
[WhiteElo "2722"]
[BlackElo "2681"]
[EventDate "2010.05.24"]

1. d4 d5 2. c4 c6 3. Nf3 Nf6 4. Nc3 dxc4 5. a4 Bf5 6. Ne5 Nbd7 7. Nxc4 Qc7
8. g3 e5 9. dxe5 Nxe5 10. Bf4 Nfd7 11. Bg2 g5 12. Ne3 gxf4 13. Nxf5 O-O-O
14. Qc2 Nc5 15. O-O fxg3 16. hxg3 a5 17. Rad1 h5 18. Rxd8+ Qxd8 19. Rd1 Qf6
20. Nh4 Ng6 21. Nxg6 fxg6 22. Ne4 Nxe4 23. Bxe4 g5 24. Rd5 Bb4 25. Rf5 Qh6
26. Qc1 h4 27. g4 h3 28. Qe3 Rf8 29. Rxg5 Bd6 30. Bf5+ Kc7 31. Kh1 Rf7 32.
Qd2 Bb4 33. Qf4+ Bd6 34. Qd2 Bb4 35. Qf4+ Bd6 36. Qd2 1/2-1/2

[Event "ch-CHN"]
[Site "Xinghua CHN"]
[Date "2010.06.02"]
[Round "9"]
[White "Ji Dan"]
[Black "Zhang Ziyang"]
[Result "0-1"]
[WhiteElo "2379"]
[BlackElo "2422"]
[EventDate "2010.05.24"]

1. e4 c5 2. Nf3 Nc6 3. d4 cxd4 4. Nxd4 Nf6 5. Nc3 d6 6. Bg5 e6 7. Qd2 Be7
8. O-O-O Nxd4 9. Qxd4 O-O 10. f3 a6 11. h4 b5 12. h5 h6 13. Bh4 Qa5 14. g4
b4 15. Nb1 Bd7 16. Bd3 Rfc8 17. Rhg1 d5 18. e5 Bc5 19. Qf4 Bxg1 20. Rxg1
Qc5 21. Rg2 Bb5 22. Bxb5 Qxb5 23. Be1 Nd7 24. g5 Qf1 25. Qg3 hxg5 26. h6
gxh6 27. Kd1 Qc4 28. f4 Qe4 29. fxg5 h5 30. g6 fxg6 31. Qh3 Qf5 32. Qxf5
exf5 33. Rxg6+ Kf7 34. Rg5 Rh8 35. Nd2 Rag8 36. Rxf5+ Ke6 37. Rf2 Nxe5 38.
Re2 Kd6 39. Nb3 Rg1 40. Nd4 Rf8 41. b3 Rf4 0-1

[Event "ch-CHN"]
[Site "Xinghua CHN"]
[Date "2010.06.02"]
[Round "9"]
[White "Hou Yifan"]
[Black "Li Chao2"]
[Result "1/2-1/2"]
[WhiteElo "2589"]
[BlackElo "2619"]
[EventDate "2010.05.24"]

1. e4 c5 2. Nf3 d6 3. d4 cxd4 4. Nxd4 Nf6 5. Nc3 a6 6. Be3 Ng4 7. Bc1 Nf6
8. Be2 e5 9. Nb3 Be7 10. Be3 Be6 11. O-O O-O 12. Qd2 Nbd7 13. a4 Rc8 14.
Rfd1 Nb6 15. Bg5 Bc4 16. Ra2 h6 17. Bxf6 Bxf6 18. a5 Bg5 19. Qe1 Bxe2 20.
Qxe2 Nc4 21. Nd5 f5 22. c3 Qe8 23. Nc1 Qd8 24. Nb3 Qe8 25. Na1 Qd8 26. exf5
Rxf5 27. Ra4 Nxa5 28. f4 exf4 29. Qe6+ Rf7 30. Rxa5 Qf8 31. Rf1 Re8 32. Qh3
f3 33. gxf3 Re5 34. c4 Re2 35. Nb3 Bf4 36. Nxf4 Rxf4 37. Rd5 Qf6 38. Nc1
Rc2 39. Nd3 Rfxc4 40. Qf5 Qxf5 41. Rxf5 Rd2 42. Rd5 Rcc2 43. Rf2 Rxb2 44.
Rxd6 Rxf2 45. Nxf2 a5 46. Nd1 Re2 47. Rd3 b5 48. Nc3 Rb2 49. Rd5 b4 50. Na4
Ra2 51. Rxa5 Kh7 52. Ra6 h5 53. h3 g6 54. Kf1 Kh6 55. Ra5 h4 56. Kg1 g5 57.
Ra6+ Kh5 58. Kf1 1/2-1/2

[Event "ch-CHN"]
[Site "Xinghua CHN"]
[Date "2010.06.03"]
[Round "10"]
[White "Ni Hua"]
[Black "Li Chao2"]
[Result "1/2-1/2"]
[WhiteElo "2667"]
[BlackElo "2619"]
[EventDate "2010.05.24"]

1. Nf3 Nf6 2. c4 g6 3. Nc3 d5 4. cxd5 Nxd5 5. Qa4+ Nc6 6. Ne5 Qd6 7. Nxc6
Qxc6 8. Qxc6+ bxc6 9. b3 Bg7 10. Bb2 Nxc3 11. Bxc3 Bxc3 12. dxc3 Be6 13.
O-O-O a5 14. g3 O-O 15. Bg2 Ra6 16. Rd4 c5 17. Ra4 Bd7 18. Rc4 a4 19. Rxc5
axb3 20. axb3 Be6 21. Kd2 Rd8+ 22. Ke3 Bxb3 23. f4 Re6+ 24. Kf2 c6 25. Rxc6
Rxc6 26. Bxc6 Bc4 27. Bf3 Rd2 28. Ra1 Rc2 29. Ra8+ Kg7 30. Rc8 Ba6 31. Rc7
Kf8 32. Ke1 Ke8 33. Kd1 Ra2 34. Ke1 Rc2 35. Ra7 Bc4 36. Ra3 Kd7 37. Kd1 Ra2
38. Rxa2 Bxa2 39. g4 h6 40. h4 Kd6 41. Kd2 f6 42. g5 fxg5 43. fxg5 hxg5 44.
hxg5 Ke5 45. Kd3 Kf5 46. c4 Kxg5 47. c5 Kf5 48. Kd4 e5+ 49. Ke3 Ke6 50. Kf2
Bc4 51. e3 Bd5 52. Bg4+ Ke7 53. Kg3 Kd8 54. Bf3 e4 55. Bg2 Kc7 56. Kf4 Kc6
57. Bxe4 1/2-1/2